Đi tìm một bản sử thi khun chương đầy đủ
Đề cập đến hệ thống giai thoại được nhìn nhận; nghệ thuật, nội dung và đặc điểm của giai thoại; vị trí của giai thoại
Đã lưu trong:
| Tác giả chính: | |
|---|---|
| Định dạng: | Sách |
| Năm xuất bản: |
H.
Hội nhà văn
2016
|
| Chủ đề: | |
| Tags: |
Thêm thẻ
Không có thẻ, Hãy là người đầu tiên gắn thẻ bản ghi này!
|
| LEADER | 00827nam a2200193 4500 | ||
|---|---|---|---|
| 082 | |a 398.209597 |b QU105V | ||
| 100 | |a Quán Vi Miên | ||
| 245 | |a Đi tìm một bản sử thi khun chương đầy đủ |c Quán Vi Miên sưu tầm, biên soạn, giới thiệu | ||
| 260 | |a H. |b Hội nhà văn |c 2016 | ||
| 300 | |a 407tr. |c 21cm | ||
| 520 | |a Đề cập đến hệ thống giai thoại được nhìn nhận; nghệ thuật, nội dung và đặc điểm của giai thoại; vị trí của giai thoại | ||
| 653 | |a Văn hóa | ||
| 653 | |a Văn hóa dân gian | ||
| 653 | |a sử thi | ||
| 653 | |a khun chương | ||
| 653 | |a Việt Nam | ||
| 942 | |2 ddc |c SH | ||
| 999 | |c 13584 |d 13584 | ||
| 952 | |0 0 |1 0 |2 ddc |4 0 |6 398_209597000000000_QU105V |7 0 |9 109762 |a qbu |b qbu |c D2 |d 2017-03-02 |g 80000 |o 398.209597 QU105V |p 12316.c1 |r 0000-00-00 |w 2017-03-02 |y SH | ||